000 00519nam a2200157 4500
999 _c6922
_d6922
008 170519b xxu||||| |||| 00| 0 eng d
022 _a0119-9000
082 _aDPer 641.505 C77 Jan-June 2013 v.13-14
100 _920951
_aCarlos, Jirehl.
245 _aThe great experience of Filipino hospitality/
_cJirehl Carlos.
260 _aPhilippines:
_bUBM Medica,
_c©Jan-June 2013.
300 _av14 n3, pages 46-50:
_billustrations;
_c29 cm.
500 _aCook.
650 0 _920952
_aCooking
_xChef
942 _2ddc
_cPER